00824 2200181 4500001002100000005001500021035002000036245013800056100001200194250001700206300003000223260004400253082001000297084001600307020002200323650001400345520028300359INLIS00000000000090620250317091731 a0010-03250000021 aMembaca Dongeng & Bermain Puzzle Dongeng Nusantara 2 :bSangkuriang, Joko Tingkir, Si Pitung, Kebo Iwa, Legenda Danau Toba /cEfik S.0 aEfik S. acetakan ke-1 a10 hlm :bilus ;c20,5 cm aJakarta :bElex Media Komputindo,c2020 a398.2 a398.2 EFI m a978-623-001-880-0 4aBuku Anak aDongeng singkat dari Nusantara yang terkenal dan mengandung nilai-nilai luhur yang perlu dilestarikan agar tidak hilang. Dongeng Nusantara ini merupakan salah satu tradisi lisan yang perlu disampaikan secara turun-temurun pada generasi berikutnya agar tetap hidup di masyarakat.